000 00786nam a2200229 a 4500
999 _c2981
_d2981
001 2981
003 BD-JhCC
005 20171108203155.0
008 171108s1956 ii |||| |||| 000 0 ben d
035 _a(BD-JhCC)2981
040 _aBD-JhCC
_dBD-JhCC
041 _aben
082 _a891.443
_bGUH 1956
100 _aগুহ, বীরেশচন্দ্র
245 _aবাস্তু পেল বাস্তুহারা /
_cবীরেশচন্দ্র গুহ, অমল সরকার [অনু.]
260 _aকলকাতা :
_bফার্মা কে. এল. মুখোপাধ্যায়,
_c1956.
300 _a121 p. :
_c17 cm.
650 _aBengali Novel
700 _aসরকার, অমল
942 _2ddc
_cBK